Vintage baby knits : more than 40 heiloom patterns from the 1920s to the 1950s
| Main Author: | |
|---|---|
| Format: | Book |
| Published: |
NY :
STC Craft ,
2009
|
| Subjects: |
MARC
| LEADER | 00000cam a2200000 7i4500 | ||
|---|---|---|---|
| 001 | 0000046112 | ||
| 005 | 20150308.0 | ||
| 008 | 150308 | ||
| 020 | |a 9781584797616 | ||
| 090 | 0 | 0 | |a 746.43041 |b REN |
| 100 | 1 | |a Rengren, Kristen | |
| 245 | 1 | 0 | |a Vintage baby knits : |b more than 40 heiloom patterns from the 1920s to the 1950s |c Kristen Rengren |
| 260 | |a NY : |b STC Craft , |c 2009 | ||
| 650 | 0 | |a Infants' clothing | |
| 650 | 0 | |a Knitting |x Patterns | |
| 999 | |a 0001335928 |b Book |c Adult Collection |e Perbadanan Perpustakaan Awam Johor | ||